00767nam a22002532i 450000100060000000300080000600500170001400800410003103500190007204000320009104100080012308200250013110000320015624500590018825000120024726000330025930000430029249000450033550000180038050400340039865000160043265100200044883000450046826912BD-RjUL20211209051103.0140324s1910 enkb 001 0 eng d a(BD-RjUL)26983 aKSUcKSUdEQOdBD-RjULbeng aeng00a940.108621bLOC 19101 aLodge, Richard,d1855-1936.14aThe close of the middle ages, 1273-1494 /cby R. Lodge a4th ed. aLondon :bRivingtons,c1910. axxx, 570 p. :b[4] fold. maps ;c20 cm1 aPeriods of European history ; Period III aInclude index aBibliographical note: p. x-xi 0aMiddle Ages 0aEuropexHistory 0aPeriods of European history ; Period III